Najpopularniejsze Żeńskie Imiona w Polsce A-Z - Statystyki

Ogólne statystyki
  • Ten quiz został rozwiązany 184 427 razy
  • Średni wynik to 12 z 24
Statystyki odpowiedzi
Liczba Imię % Poprawnych
A 1 mln Anna
86%
B 490 tys Barbara
78%
Ł 47 tys Łucja
73%
N 300 tys Natalia
63%
Ż 27 tys Żaneta
63%
K 610 tys Katarzyna
62%
W 200 tys Wiktoria
58%
U 190 tys Urszula
55%
G 230 tys Grażyna
53%
P 220 tys Paulina
52%
D 310 tys Danuta
51%
E 480 tys Ewa
51%
H 250 tys Halina
50%
M 600 tys Maria
49%
Z 380 tys Zofia
49%
O 150 tys Oliwia
48%
J 410 tys Joanna
41%
L 120 tys Lena
39%
F 10 tys Franciszka
36%
C 42 tys Czesława
35%
I 230 tys Iwona
35%
R 190 tys Renata
34%
S 180 tys Sylwia
34%
T 340 tys Teresa
32%
Nie znaleziono quizów pasujących do podanych kryteriów
Rozkład punktacji
Procent ludzi z każdym wynikiem
Percentyl według liczby udzielonych odpowiedzi
Twoja historia wyników
Nie rozwiązałeś tego quizu